Science Quiz

Random Science or Math Quiz

Minute Math (Division) Quiz Stats

Quiz Updated Mar 31, 2016

Also try: Fast Math
Challenge
Share
Tweet
Embed
Score 0/50 Timer 01:00
10 Plays Today
Problem Solution % Correct
66÷611
72.3%
40÷104
71.5%
27÷39
71.5%
28÷74
71%
10÷25
70.9%
7÷17
70.5%
0÷390
70.3%
39÷133
70.2%
30÷310
70.2%
72÷89
69.8%
24÷212
69.6%
35÷57
69.6%
56÷87
69.6%
12÷62
69.5%
34÷172
68.7%
24÷46
68.5%
5÷51
68.4%
32÷162
68.3%
9÷33
68.1%
42÷67
68.1%
72÷612
68%
1÷11
68%
32÷48
67.9%
75÷155
67.5%
21÷73
67.5%
Problem Solution % Correct
50÷510
67.1%
52÷134
67.1%
121÷1111
66.9%
16÷44
66.8%
36÷94
66.7%
4÷22
66.7%
12÷34
66.6%
12÷121
66.6%
48÷86
66.3%
77÷711
66.1%
2÷12
65.8%
63÷79
65.6%
20÷54
65.2%
15÷53
65.1%
54÷96
65.1%
6÷23
64.9%
36÷66
64.6%
20÷210
64.4%
45÷59
63.9%
16÷28
63.5%
21÷37
62.4%
32÷84
62.2%
44÷411
62%
14÷27
61.9%
64÷88
60.6%

You're not logged in!

Compare scores with friends on all Sporcle quizzes.
Sign Up with Email
OR
Log In

You Might Also Like...

Show Comments

Extras

Top Quizzes Today


Score Distribution

Your Account Isn't Verified!

In order to create a playlist on Sporcle, you need to verify the email address you used during registration. Go to your Sporcle Settings to finish the process.